LEADER 02580nam2 22004693i 450 001 RAV0108187 005 20251003044324.0 010 $a8870397238 020 $aIT$b8414154 100 $a19900817d1984 ||||0itac50 ba 101 | $aita 102 $ait 181 1$6z01$ai $bxxxe 182 1$6z01$an 183 1$6z01$anc$2RDAcarrier 200 1 $aˆ5: L'‰Italia dell'alto Medioevo$fOvidio Capitani ... [et al.] 210 $aMilano$cTeti$d[1984] 215 $a379 p.$d24 cm. 311 $a[Parte 2.: Il Medioevo e l'età dei comuni].$9CFI0073554 461 0$1001CFI0073554$12001 $aStoria della società italiana$fdiretta da Giovanni Cherubini ... \et al.!$gcoordinata da Idomeneo Barbadoro$v5 464 0$1001UPG0020363$12001 $acronologia$fSandri Lucia 464 0$1001UPG0020365$12001 $aˆI ‰Longobardi$fErnesto Sestan$1700 1$aSestan$b, Ernesto$3CFIV022782$4070 464 0$1001UPG0020369$12001 $aˆL'‰Italia centro settentrionale dalla conquista carolingia al dominio sassone$fVito Fumagalli$1700 1$aFumagalli$b, Vito$3CFIV027992$4070 464 0$1001UPG0020371$12001 $aˆL'‰Italia meridonale contesa tra bizantini, longobardi, franchi, saraceni$fStefano Gasparri 464 0$1001UPG0020374$12001 $aˆLa ‰Sicilia musulmana$fIlluminato Peri$1700 1$aPeri$b, Illuminato$3CFIV086690$4070 464 0$1001UPG0020376$12001 $aˆIl ‰mezzogiorno dalla riconquista al regno normanno$fPasquale Corsi, Giosue' Musca 464 0$1001UPG0020378$12001 $aˆI ‰ducati di Napoli, Gaeta e Amalfi$fPasquale Corsi 464 0$1001UPG0020380$12001 $aˆLa ‰riforma della Chiesa e la lotta per le investiture$fOvidio Capitani$1700 1$acapitani$b, ovidio$3UPGV004660$4070 606 $aItalia$xSec. 5.-11.$2FIR$3CFIC030637$9I 606 $aItalia$xStoria$xSec. 6.-12.$2FIR$3LO1C048725$9I 676 $a945$9Italia. Storia$v20 676 $a945.01$9STORIA. ITALIA. PRIMO PERIODO, FINO AL 774$v21 702 1$aCapitani$b, Ovidio$3CFIV008174 801 3$aIT$bIT-000000$c19900817 850 $aIT-BN0095 $aIT-SA0060 $aIT-CE0011 $aIT-AV0011 $aIT-NA0043 $aIT-NA0079 $aIT-NA0095 901 $bNAP 27$cCOLL. $n$ 912 $aRAV0108187 950 2$aBiblioteca Centralizzata di Ateneo$cv. 5-7;9-12;14-20;23-24$d 01STORICA 23 STODSI 2.$e 01AR 0070021595 VMA (0005 v. 5$fB $h20250724$i20250724 967 $n8 977 $a 01$a 27$a AC$a AH$a AN$a BN$a SB 996 $aItalia dell'alto Medioevo$992996 997 $aUNISANNIO